Culture Générale par thème #4 - Statistiques

Statistiques générales
  • Ce quiz a été pris 117 fois
  • Le résultat moyen est 15 sur 45
Statistiques - réponses
Thème Question Réponse % Correct
Géographie Quel océan, possède la fosse de Porto Rico comme point le plus profond et dont la dorsale médio-océanique est toujours en activité ? Océan Atlantique
90%
Culture Générale Quel type de véhicule, souvent associé aux événements de luxe et aux grandes occasions, est généralement allongé et dispose d'un chauffeur dédié ? Limousine
89%
Mode Quel accessoire de mode, est porté notamment par les agents de Men in Black, le cyborg T-800 de Terminator, et des personnalités comme Gims ou Karl Lagerfeld ? Lunettes de soleil
82%
Histoire Quelle civilisation précolombienne, née au XIIIe siècle dans le bassin de Cuzco, a formé un empire s'étendant de la Colombie à l'Argentine, et a été dirigée par des souverains tels que Pachacutec et Atahualpa ? Civilisation inca
76%
Animaux Quel oiseau rapace nocturne peut être chevêche, hulotte ou effraie ? Chouette
64%
Cinéma Quel est le titre du film d'animation des studios Pixar, sorti en 2015, qui a remporté l'Oscar du meilleur film d'animation et dans lequel Pierre Niney prête sa voix au personnage de Peur et Marilou Berry à celui de Tristesse ? Vice-versa
64%
Célébrité Qui est le vidéaste et entrepreneur américain, né le 7 mai 1998 à Wichita, qui est devenu la personne la plus suivie sur YouTube en février 2025 avec plus de 359 millions d'abonnés ? MrBeast
58%
Architecture Quelle est la pièce vitrée souvent ajoutée à une maison, utilisée comme salon ou jardin d'hiver ? Véranda
58%
Littérature Quel est le nom du personnage qui est le meilleur ami de Sherlock Holmes, narrateur de ses aventures, et qui a obtenu son diplôme de médecin en 1878 ? Docteur Watson
54%
Gastronomie Quel plat québécois, composé de frites, fromage en grains et sauce brune, porte le même nom qu'un président russe ? Poutine
52%
Métier Quel fonctionnaire d'État de catégorie A organise la vie scolaire, suit les élèves et anime l'équipe de vie scolaire ? Conseiller principal d'éducation
50%
Musique Quel musicien, membre du groupe Nirvana, est devenu une icône du grunge et est décédé à 27 ans en 1994, laissant derrière lui des albums légendaires comme "Nevermind" et "In Utero" ? Kurt Cobain
46%
Informatique Quelle application de messagerie instantanée lancée en 2011 a popularisé les stories, les Bitmojis et les filtres ? Snapchat
46%
Culture Générale Quel est le terme utilisé pour désigner un creux dans le sol, comme celui où l’on trouve des déchets animaux dans les exploitations agricoles, ou encore un espace devant une scène de concert où se pratiquent des danses comme le pogo ou le mosh ? Fosse
44%
Gastronomie Quel appareil de cuisson, disponible en différentes versions comme à combustion ou à gaz, organise chaque année un championnat de France aux Saintes-Maries-de-la-Mer ? Barbecue
42%
Culture Générale Quelle fête est célébrée la veille du mercredi des Cendres, marquant le dernier jour de festin avant le début du Carême ? Mardi gras
42%
Marque Quelle marque suisse de montres de luxe, fondée en 1905 par Hans Wilsdorf, est célèbre pour son modèle phare, l'Oyster ? Rolex
40%
Sciences et Techniques Quel élément chimique, découvert indépendamment par Carl Löwig et Antoine-Jérôme Balard, a pour symbole Br et est un membre de la famille des halogènes ? Brome
38%
Médecine Quel dispositif, dont les premières traces remontent au Ve siècle avant J.-C. en Chine, est aujourd'hui couramment utilisé par des personnes ayant des troubles de la mobilité ? Fauteuil roulant
38%
Animaux Quel mollusque marin bivalve, est le symbole de l'ostracisme dans la Grèce antique, et a inspiré des œuvres d'art et de littérature, comme celles de Jean de La Fontaine et Francis Ponge ? Huître
37%
Mythologie Dans la mythologie grecque, qui est avec Hadès l’autre frère de Zeus ? Poséidon
33%
Histoire Quel conflit de 1982, opposant l'Argentine au Royaume-Uni, a eu lieu pour la souveraineté de territoires du sud de l'Atlantique, et s'est terminé par une victoire britannique, précipitant la chute de la junte militaire argentine ? Guerre des Malouines
29%
Gastronomie Quelle graine, souvent utilisée dans des régimes sans gluten et originaire des Andes, est considérée comme une pseudocéréale, très riche en protéines et en acides aminés essentiels, et qui a connu une forte popularité à partir des années 1970 ? Quinoa
29%
Télévision Quelle journaliste et animatrice de télévision, née en 1972, présente le journal de 20 heures de France 2 depuis 2017 et a précédemment animé des émissions comme C à vous sur France 5 et Dimanche + sur Canal+ ? Anne-Sophie Lapix
26%
Art Quel peintre français du XIXe siècle, a produit une œuvre riche de 737 peintures, 275 aquarelles, 369 lithographies et plus de 4 700 dessins, comme l'affiche "Moulin-Rouge - La Goulue" ? Henri de Toulouse-Lautrec
25%
Cinéma Quelle actrice américaine, née en 1958 en Pennsylvanie, a gagné en célébrité pour ses rôles dans Total Recall (1990) et Basic Instinct (1992), et a remporté un Golden Globe pour son interprétation dans Casino (1995) ? Sharon Stone
24%
Cinéma Quel est le nom de l'organisation secrète pour laquelle travaillent Sam, Clover et Alex dans la série "Totally Spies" ? WOOHP
24%
Géographie Quel est le numéro du département du Tarn-et-Garonne ? 82
23%
Année En quelle année Mao Zedong a proclamé la République populaire de Chine, l'Indonésie a obtenu son indépendance, et Véronique Sanson est née ? 1949
19%
Musique Quel rappeur américain, lauréat du prix Pulitzer de musique et connu pour ses albums "Good Kid", "M.A.A.D City", "To Pimp a Butterfly" et "Damn" ? Kendrick Lamar
19%
Géographie Quelle est la ville, surnommée "Mile-High City", qui est la capitale et la plus grande ville de l'État du Colorado, aux États-Unis ? Denver
18%
Sport Quel dirigeant espagnol, né à Oviedo en 1986, est devenu président du directoire de l'Olympique de Marseille en février 2021 après avoir travaillé comme recruteur dans des clubs tels que la Juventus, Sassuolo, et Valence ? Pablo Longoria
18%
Droit et Politique Quel homme politique français, ancien député et président du conseil régional du Centre, a été ministre des Finances et de l'Économie sous François Hollande, et dont le nom fait penser à un arbre ? Michel Sapin
13%
Musique Quelle chanson de Pat Benatar sortie en 1980 est souvent associée à des événements sportifs comme des matchs de baseball, peut-on traduire par "Touche moi avec ton meilleur coup" ? Hit Me With Your Best Shot
8%
Géographie Quel pays doit son nom à un mot araméen signifiant « la montagne Blanche » ? Liban
8%
Médecine Quelle maladie infectieuse aiguë et contagieuse, causée par un virus, affecte principalement la moelle épinière et peut entraîner des paralysies, en particulier des membres inférieurs, tout en étant transmissible par voie digestive? Poliomyélite
7%
Sport Qui est la nageuse canadienne née en 2006, qui a battu plusieurs records du monde en 2023 et a remporté plusieurs médailles d'or aux Jeux olympiques de Paris 2024, dont une médaille d'or au 400 mètres quatre nages féminin et au 200 mètres papillon féminin ? Summer McIntosh
7%
Botanique Quelle fleur est portée à la boutonnière le premier mars, jour de la Saint-David et fête nationale du Pays de Galles ? Jonquille
6%
Religion Quel saint catholique italien, né Giovanni di Pietro Bernardone en 1181, est le fondateur de l'ordre des Frères mineurs et est célèbre pour ses stigmates, sa pauvreté, et son amour de la Création divine, tout en étant considéré comme un précurseur du dialogue interreligieux ? François d'Assise
5%
Littérature Qui est l'auteure française d'origine russe, première femme à avoir reçu le prix Goncourt, connue pour ses traductions de Maïakovski et de Tchekhov, et qui a également écrit sous le pseudonyme de Laurent Daniel ? Elsa Triolet
4%
Culture Générale Quel établissement parisien, fondé en 1872 par Emile Boutmy avait pour objectif de « créer l'élite qui, de proche en proche, donnera le ton à toute la nation » ? Institut d'études politiques de Paris
4%
Economie Quel est le nom de la courbe qui montre qu'un taux d'imposition trop élevé peut réduire les recettes fiscales de l'État ? Courbe de Laffer
2%
Art A quel artiste britannique doit-on "l'Ange du Nord" édifié à Gateshead ? Antony Gormley
1%
Histoire Quel mur romain fut construit pour doubler le mur d’Hadrien entre l’Angleterre et l’ Écosse ? Mur d'Antonin
1%
Botanique Quelle fleur est connue pour sa couleur tricolore et est utilisée en médecine traditionnelle pour traiter des affections comme l'eczéma, l'acné, et les troubles respiratoires ? Pensée sauvage
1%
Aucun quiz correspondant
Distribution des résultats
% des personnes avec chaque résultat
Percentile par nombre de réponses
Votre historique - résultats
Vous n’avez pas pris ce quiz